Normal view
MARC view
- القانون المدني -- الدولة -- إجراءات المحاكم
Entry Topical Term
001 - CONTROL NUMBER
- control field: 12399
003 - CONTROL NUMBER IDENTIFIER
- control field: JO-AjAnu
005 - DATE AND TIME OF LATEST TRANSACTION
- control field: 20230606072304.0
008 - FIXED-LENGTH DATA ELEMENTS
- fixed length control field: 230606|| aca||aabn | a|a d
040 ## - CATALOGING SOURCE
- Original cataloging agency: JO-AjAnu
- Transcribing agency: JO-AjAnu
150 ## - HEADING--TOPICAL TERM
- Topical term or geographic name entry element: القانون المدني -- الدولة -- إجراءات المحاكم
670 ## - SOURCE DATA FOUND
- Source citation: Work cat.: (JO-AjAnu)6384: القضاة، مفلح عواد , author 12398, البينات في المواد المدنية والتجارية " دراسة مقارنة "